| 000 | 00558cas a22002055a 4500 | ||
|---|---|---|---|
| 001 | L159512 | ||
| 008 | 100720d2016198 xxkbr p 0 a0eng u | ||
| 035 | _a(Sirsi) u159512 | ||
| 041 | 0 | _aeng | |
| 110 | 2 |
_aDigital Commerce Appraisal _96184 |
|
| 245 | 0 | 0 | _aTaiwan Industrial Yearbook |
| 260 |
_bDigital Commerce Appraisal _c2016- |
||
| 362 | _a2016 | ||
| 520 | _aVolumes available - 2016. | ||
| 554 | _aAnnual | ||
| 650 | 2 | 4 | _aTaipei Exchange Capitalization Weighted Stock Index (TPEX) |
| 651 | 4 | _aTaiwan | |
| 690 |
_aValuation _96273 |
||
| 942 | _n0 | ||
| 999 |
_c119416 _d119416 |
||